Statistiques concernant Petit bac - Joueurs du PSG

Cliquez ici pour prendre le quiz!

Statistiques générales

  • Ce quiz a été pris 1 008 fois
  • Le résultat moyen est 14 sur 25

Statistiques - réponses

LettresJoueurs% Correct
MM'Bami - M'Pelé - Mabiala - Madar - Mahé - Makélélé - Makhedjouf - Makonda - Marella - Marquet - Marquinhos - Martel - Martin - Martinez - Matuidi - Maurice - Maxwell - Mbappé - Mbe Soh - Mboma - Meite - Mendes - Mendy - Menez - Merelle - Messi - Meunier - Michut - Mitoraj - Mongelli - Monteiro - Moraly - Moreau - Morin - Motta - Moutier - Mukiele - Mulumbu - Murati
97%
NN'Gog - N'Gom - N'Gotty - Nagera - Navas - Nenê - Neymar Jr - Ngoyi - Niederbacher - N'Jo Lea - Nkunku - Nosibor - Nouma - Novi - Nsoki - Nyarko
88%
RRabat - Rabésandratana - Rabiot - Rafinha - Ragued - Rai - Ramos - Redon - Reinaldo - Rémond - Renaut - Revault - Reynaud - Ricardo - Rico - Rimane - Rinçon - Rivet - Robert - Rocchi - Roche - Rocheteau - Rodriguez - Ronaldinho - Rostagni - Rothen - Roux - Rozenhal - Ruiz
84%
SSakho - Sanches - Sanchez - Sandjak - Sankharé - Sarabia - Sassus - Schmitt - Séchet - Ségura - Semak - Sène - Sessegnon - Silva - Simba - Simone - Simons - Sirigu - Sissoko - Solas - Soler - Sorin - Souza - Spiegler - Stambouli - Surjak - Susic
81%
AAbel - Abreu - Abriel - Adams - Adailton - Adli - Agostinho - Alex - Algerino - Ali Messaoud - Allou - Alonzo - Aloisio - Alves - André - André Luiz - Anelka - Angloma - Aouchiche - Ardiles - Areola - Armand - Arnaud - Arribas - Arteta - Assad - Ateba - Augustin - Aurier - Ayache
79%
CCabaye - Calderaro - Calderon - Calenda - Callegari - Camara - Camargo - Cana - Cardetti - Cardiet - Cardinet - Caron - Carotti - Carré - Casagrande - Cauet - Cavani - Ceara - Cenzato - Cesar - Chantôme - Charbonnier - Choquier - Choupo-Moting - Christian - Cissé - Cloarec - Clément - Cobos -
Coelho - Col - Colleter - Coman - Conte - Coridon - Coupet - Couriol - Coutard - Cristobal - Cubilier
79%
DDa Fonseca - Dagba - Dahleb - Dalmat - De Falco - De Lucas - Debbah - Dehouck - Dehu - Delhumeau - Deloffre - Delplanque - Dely Valdes - Derrick - Destrumelle - Dhorasoo - Di Maria - Diaby - Diallo - Diané - Diarra - Diawara - Dieng - Digard - Digne - Dina Ebimbe - Distin - Dja Djedje - Djorkaeff - Dogliani - Domenech - Domi - Donnarumma - Dossevi - Douchez - Douis - Dramé - Draxler - Dréossi - Ducrocq - Dumot - Dutruel
77%
PPaisley - Pancrate - Pantelic - Pardeilhan - Pardo - Paredes - Partouche - Pastore - Pauleta - Paulo Cesar - Pedron - Pembele - Pereira - Perez - Persol - Phelipon - Piasecki - Pichot - Pierre-Fanfan - Pilorget - Pimond - Piètre - Planchard - Pochettino - Polaniok - Poli - Porquet - Potillon - Pouget - Poullain - Prost - Préfaci - Py
77%
IIbisevic - Ibrahimovic - Icardi - Ikoné
76%
KKalimuendo - Kalou - Kean - Kebano - Kehrer - Kelban - Kenedy - Kezman - Kimmakon - Kimpembe - Kist - Kokkinis - Kombouaré - Kouassi - Krychowiak - Kurzawa
76%
VValdo - Vampeta - Van der Wiel - Vandecasteele - Vanquelles - Vasseur - Vermeulen - Verratti - Vitinha - Vujovic
73%
BBaccconnier - Bade - Badiane - Bahebeck - Bajoc - Bakker - Bamba - Baning - Baratelli - Barberat - Barrabé- Bathenay - Bats - Bauda - Beckham - Behier - Belmadi - Beltramini - Ben Arfa - Benachour - Benarbia- Ben Mustapha - Bensoussan - Berchiche - Béreau - Bernard - Bernat - Bernede - Berthaud - Bianchi - Bianconi - Bibard - Bied - Bisevac - Bitshiabu - Bitumazala - Bocandé - Bodmer - Boli - Borrelli - Boskovic - Bosser - Boubacar - Bourillon - Bras - Bravo - Brisson - Brost - Bueno - Buffon - Bulka -Bureau
71%
LLachuer - Lah - Lama - Lambert - Landre - Landreau - Landrin - Lanthier - Laposte - Larqué - Laspalles - Laurey - Lavezzi - Le Crom - Le Guen - Le Roux - Leal - Leandri - Leclerc - Ledunois - Lemoult - Leonardo - Leonetti - Leroy - Letellier - Letizi - Ljuboja - Llacer - Llodra - Lo Celso - Loko - Lokoli - Lowitz - Lucas - Lucau - Luccin - Lugano - Luiz - Lukic - Luyindula
70%
HHaddad - Hakimi - Halilhodzic - Hallet - Havet - Heinze - Helder - Hellebuyck - Heredia - Herrera - Héréson - Hiroux - Hoarau - Horlaville - Housni - Huck - Humberto
66%
GGallardo - Gameiro - Garceran - Gava - Garillière - Gassama - Georgen - Geraldao - Germain - Gharbi - Gillet - Ginola - Girard - Giuly - Goma - Grapin - Gravelaine - Grondin - Guclu - Guedes - Gueye - Guicci - Guignedoux - Guillochon - Guérin
55%
EEdel - Edminson - Ekitike - El-Karkouri - Erding - Everton
40%
JJacques - Jallet - Janvion - Jean - Jeannol - Jesé - Justier
40%
WWeah - Wijnaldum - Wilkins - Worns
36%
FFadiga - Fernandes - Fernandez - Fernando - Fiorèse - Fitte-Duval - Floch - Florenzi - Fournier - Frau
35%
ZZagre - Zaire-Emery - Zajaczkowski - Zaremba - Zbinden
35%
TTanasi - Taufflieb - Teixeira - Tinmar - Tiéné - Toffolo - Toko - Tokoto - Touré - Traoré - Trapp - Travetto - Turpin
30%
OOgbeche - Okocha - Okpara - Ongenda - Ouédec
23%
YYanovski - Yansané - Yepes
10%
XXuereb
3%
QQasmi - Quéré
2%

Distribution des résultats

Percentile par nombre de réponses

% des personnes avec chaque résultat

Votre développement - résultats

Vous n’avez pas pris ce quiz